000 00686nam a2200193Ia 4500
003 GCL
008 140319s9999 xx 000 0 ara d
040 _aGCL /
_cGCL
082 0 4 _a348.07
_bع ح
100 1 _aعبدالحميد الشواربى
_vPurified
_@
…هذب
245 1 0 _aحجية الاحكام المدنية والجنائية فى ضوء الفضاء والفقه /
_cعبدالحميد الشواربى
260 _a[S.N] :
_bمكتبه النهضه المصريه ،
_c1990
300 _a514 ص
490 _a
650 0 4 _aالقانون
650 0 4 _aمحاكم النقض والابرام
650 0 4 _aاستئناف الاحكام
942 _2ddc
_cBK
999 _c53919
_d53919